Trasferimenti più costosi - Uruguay - Statistics

Statistiche generali
  • Questo quiz è stato fatto 56 volte
    17 dall'ultimo reset
  • Il punteggio medio è 13 su 16
Statistiche sulle risposte
Costo (M €) Da A Anno Calciatore % Corretto
64,50 Napoli Paris Saint-Germain 2013 Edinson Cavani
100%
81,72 Liverpool Barcellona 2014 Luis Suárez
100%
26,50 Ajax Liverpool 2011 Luis Suárez
100%
85 Benfica Liverpool 2022 Darwin Núñez
94%
31 Almería Benfica 2020 Darwin Núñez
94%
21,70 Boca Juniors Juventus 2017 Rodrigo Bentancur
94%
19 Juventus Tottenham 2022 Rodrigo Bentancur
94%
60 Sporting Lisbona Paris Saint-Germain 2023 Manuel Ugarte
81%
50 Paris Saint-Germain Manchester United 2024 Manuel Ugarte
81%
24,50 FC Famalicão Famalicão Sporting Lisbona 2021 Manuel Ugarte
81%
24 Fiorentina Inter 2017 Matías Vecino
81%
28,65 Sampdoria Arsenal 2018 Lucas Torreira
75%
19 Genoa Milan 2018 Diego Laxalt
69%
16,50 Getafe Napoli 2022 Mathías Olivera
69%
21 Villareal Atletico Madrid 2007 Diego Forlán
63%
16,50 Villareal Barcellona 2008 Martín Cáceres
19%
Nessun quiz corrispondente trovato
Distribuzione punteggi
Percentuale di utenti per punteggio
Percentile per numero di risposta
I tuoi punteggi nel tempo
Non hai fatto questo quiz dall'ultimo reset